|
|
|
|
| LEADER |
00000nab a2200000 a 4500 |
| 001 |
vtls000126740 |
| 003 |
SK-MaSNL |
| 005 |
20260303223253.0 |
| 008 |
160202c1982 xo 0 cze |
| 015 |
|
|
|a SNBRB19rr/mm-uuuuu
|
| 035 |
|
|
|a CL0136845
|
| 040 |
|
|
|a SNKBUCL
|b slo
|c SNKBUCL
|e AACR2
|
| 041 |
0 |
|
|a cze
|
| 044 |
|
|
|a xo
|c SK
|
| 080 |
|
|
|a 674
|2 1981
|
| 080 |
|
|
|a 684
|2 1981
|
| 080 |
|
|
|a 66
|2 1981
|
| 100 |
1 |
|
|a (-ifa-)
|4 aut
|9 949079
|
| 245 |
1 |
0 |
|a Konference SYNTEMA 82
|c (-ifa-)
|
| 650 |
0 |
7 |
|a drevospracujúci priemysel
|2 snkbucl
|9 1118
|
| 650 |
0 |
7 |
|a chemizácia
|2 snkbucl
|9 87889
|
| 655 |
|
7 |
|a články z novín a časopisov
|2 snkbucl
|9 267496
|
| 773 |
0 |
|
|t Drevo
|g Roč. 37, č. 8 (1982), s. 243-244
|
| 850 |
|
|
|a Slovenská národná knižnica v Martine
|a MTA001
|
| 852 |
|
|
|a SNK
|b KIS3GCP
|
| 957 |
|
|
|a 3702
|
| 958 |
|
|
|a RK
|
| 958 |
|
|
|a CZ
|
| 992 |
|
|
|a RBX
|
| 999 |
|
|
|c 2246913
|d 2248843
|